[Event "Excelsior June IM Norm"]
[Site "Toronto CAN"]
[Date "2023.06.14"]
[Round "3.3"]
[White "Noritsyn, Nikolay"]
[Black "Clyde, Jordan"]
[Result "1-0"]
[WhiteElo "2462"]
[BlackElo "2096"]
[PlyCount "53"]
[EventDate "2023.06.13"]
[EventType "tourn"]
[EventRounds "9"]
[EventCountry "CAN"]

1. e4 d6 2. d4 Nf6 3. Nc3 c6 4. f4 Qa5 5. Bd3 e5 6. Nf3 Bg4 7. Be3 exd4 8. Bxd4
Qb4 9. Bxf6 gxf6 10. Rb1 Qc5 11. Be2 Bh6 12. Nd4 Bxe2 13. Ncxe2 Rg8 14. O-O Nd7
15. Qd3 Bf8 16. b4 Qb6 17. Kh1 O-O-O 18. Qc4 d5 19. exd5 c5 20. a4 Re8 21. Ng3
Qa6 22. Nb5 Nb6 23. Qd3 cxb4 24. d6 Rd8 25. Ne4 Qa5 26. Nc5 Kb8 27. Qe4 1-0

[Event "Excelsior June IM Norm"]
[Site "Toronto CAN"]
[Date "2023.06.14"]
[Round "4.5"]
[White "Noritsyn, Nikolay"]
[Black "Noritsyn, Sergey"]
[Result "1/2-1/2"]
[WhiteElo "2462"]
[BlackElo "2136"]
[PlyCount "134"]
[EventDate "2023.06.13"]
[EventType "tourn"]
[EventRounds "9"]
[EventCountry "CAN"]

1. e4 c5 2. Nf3 e6 3. d4 cxd4 4. Nxd4 Nf6 5. Nc3 Nc6 6. a3 Be7 7. f4 Qb6 8. Nb3
d6 9. Qf3 e5 10. Be3 Nd4 11. Bxd4 exd4 12. Nb5 Bg4 13. Qd3 O-O 14. Qxd4 Qxd4
15. N3xd4 Nxe4 16. Be2 Bxe2 17. Kxe2 Bf6 18. Rad1 a6 19. Kf3 axb5 20. Kxe4 d5+
21. Kd3 Bxd4 22. Kxd4 Rac8 23. Kd3 Rc4 24. g3 Rfc8 25. Rd2 d4 26. Re1 Kf8 27.
Re4 b4 28. Rxd4 Rxd4+ 29. Kxd4 Rd8+ 30. Ke3 Re8+ 31. Kd3 bxa3 32. bxa3 Ra8 33.
Kc4 Rxa3 34. Rd7 Ra2 35. Kc3 Ra3+ 36. Kb2 Ra7 37. f5 Ke8 38. Rc7 Ra5 39. g4 h5
40. h3 hxg4 41. hxg4 Rb5+ 42. Kc3 Rb6 43. Kc4 Kf8 44. Kd5 f6 45. c3 Rb3 46. Ke6
Rb6+ 47. Kd7 Rb3 48. Kd6 Rb6+ 49. Kd5 Rb3 50. Kd4 Rb1 51. Rc4 Ke7 52. Kd5 Kd7
53. Rb4 Rd1+ 54. Kc5 Kc7 55. Re4 b6+ 56. Kc4 Kd7 57. Kb5 Rb1+ 58. Ka6 Rb3 59.
Rc4 Kd6 60. Kb7 Ke5 61. Rc7 Kf4 62. Rxg7 Rxc3 63. Kxb6 Rg3 64. Rg6 Rxg4 65.
Rxf6 Rg5 66. Rf8 Rxf5 67. Rxf5+ Kxf5 1/2-1/2

[Event "Excelsior June IM Norm"]
[Site "Toronto CAN"]
[Date "2023.06.15"]
[Round "5.1"]
[White "Reprintsev, Alexander"]
[Black "Noritsyn, Nikolay"]
[Result "1/2-1/2"]
[WhiteElo "2238"]
[BlackElo "2462"]
[PlyCount "110"]
[EventDate "2023.06.13"]
[EventType "tourn"]
[EventRounds "9"]
[EventCountry "CAN"]

1. e4 c5 2. Nf3 d6 3. c3 Nf6 4. h3 Nc6 5. Bd3 e5 6. Bc2 d5 7. exd5 Qxd5 8. Qe2
Be7 9. d3 Bf5 10. Nbd2 Rd8 11. Nc4 Bxd3 12. Bxd3 Qxd3 13. Qxd3 Rxd3 14. Ncxe5
Nxe5 15. Nxe5 Rd6 16. Bf4 Nd5 17. Bg3 f6 18. Nc4 Re6+ 19. Kd2 b5 20. Na3 Kf7
21. Rhe1 Rd8 22. Rxe6 Kxe6 23. Re1+ Kf7 24. Kc2 a6 25. Nb1 h5 26. Nd2 g5 27. a4
f5 28. Be5 Re8 29. axb5 axb5 30. Bh2 f4 31. Re5 Rd8 32. h4 g4 33. Rxh5 Kg6 34.
Re5 Bxh4 35. Ne4 Bf6 36. Nxf6 Kxf6 37. Rh5 Kg6 38. Rh4 Kg5 39. Rh7 Re8 40. Rd7
Nf6 41. Rc7 Re2+ 42. Kd3 Rxf2 43. Rxc5+ Kg6 44. Rxb5 g3 45. Bg1 Rxg2 46. Bd4
Nh5 47. Ke4 Rd2 48. Kf3 g2 49. Ba7 Ng3 50. Rb8 Kf7 51. Rb4 Ne2 52. Kxg2 Nxc3+
53. Kf3 Rd3+ 54. Kg4 Nd5 55. Rd4 Rxd4 1/2-1/2

[Event "Excelsior June IM Norm"]
[Site "Toronto CAN"]
[Date "2023.06.15"]
[Round "6.4"]
[White "Noritsyn, Nikolay"]
[Black "Nagy, Gabor"]
[Result "1-0"]
[WhiteElo "2462"]
[BlackElo "2468"]
[PlyCount "95"]
[EventDate "2023.06.13"]
[EventType "tourn"]
[EventRounds "9"]
[EventCountry "CAN"]

1. e4 e5 2. Nf3 Nc6 3. Bc4 Bc5 4. d3 Nf6 5. Bg5 h6 6. Bh4 Be7 7. a4 d6 8. Nc3
O-O 9. a5 a6 10. O-O g5 11. Bg3 Bg4 12. h3 Bh5 13. Nb1 Kh8 14. c3 Qd7 15. Nbd2
g4 16. hxg4 Bxg4 17. Qb3 Nh5 18. Kh1 f5 19. Be6 Qe8 20. Nh2 Bg5 21. Ndf3 Bf4
22. Bh4 Bxh2 23. Nxh2 Nf4 24. Nxg4 fxg4 25. Bxg4 Nxd3 26. Qd1 Nf4 27. Bf5 Ne7
28. Bxe7 Qxe7 29. g3 Ne6 30. Kg2 Rf6 31. Rh1 Ng7 32. Qd2 Nxf5 33. exf5 Qg7 34.
Ra4 Raf8 35. f3 Rg8 36. Rg4 Qf8 37. Rgh4 Kh7 38. g4 Qg7 39. Rh5 e4 40. g5 exf3+
41. Kf2 Re8 42. Qd3 Kg8 43. Qd5+ Kf8 44. Qxf3 Rf7 45. f6 Qg6 46. Rxh6 Qc2+ 47.
Kg3 Re3 48. Rh8# 1-0

[Event "Excelsior June IM Norm"]
[Site "Toronto CAN"]
[Date "2023.06.16"]
[Round "7.2"]
[White "Almeida Quintana, Omar"]
[Black "Noritsyn, Nikolay"]
[Result "1/2-1/2"]
[WhiteElo "2520"]
[BlackElo "2462"]
[PlyCount "63"]
[EventDate "2023.06.13"]
[EventType "tourn"]
[EventRounds "9"]
[EventCountry "CAN"]

1. d4 e6 2. c4 d5 3. Nc3 a6 4. cxd5 exd5 5. Nf3 h6 6. Bf4 Nf6 7. e3 Bd6 8. Ne5
O-O 9. Be2 Re8 10. O-O Nbd7 11. Nd3 Bxf4 12. Nxf4 Nb6 13. Bd3 Qd6 14. Rc1 Bd7
15. a3 Re7 16. Qb3 g5 17. Nfe2 Ng4 18. Ng3 Rae8 19. Qb4 Qxb4 20. axb4 c6 21. e4
dxe4 22. Ncxe4 Nd5 23. Nd6 Rb8 24. Bc4 Re6 25. Ndf5 Rf6 26. Bxd5 cxd5 27. Ne3
Rf4 28. Nxd5 Rxd4 29. Rfd1 Rxd1+ 30. Rxd1 Be6 31. h3 Ne5 32. f4 1/2-1/2

[Event "Excelsior June IM Norm"]
[Site "Toronto CAN"]
[Date "2023.06.16"]
[Round "8.2"]
[White "Noritsyn, Nikolay"]
[Black "Vidyarthi, Omya"]
[Result "1-0"]
[WhiteElo "2462"]
[BlackElo "2081"]
[PlyCount "99"]
[EventDate "2023.06.13"]
[EventType "tourn"]
[EventRounds "9"]
[EventCountry "CAN"]

1. c4 e5 2. Nc3 Nc6 3. e3 g6 4. d4 d6 5. d5 Nce7 6. e4 Bg7 7. h4 h6 8. h5 f5 9.
hxg6 f4 10. g3 fxg3 11. fxg3 Nf6 12. Be2 Qd7 13. Nh3 Nxg6 14. Nf2 Qf7 15. Be3
a6 16. c5 dxc5 17. Bxc5 Bf8 18. Be3 Bd7 19. Qd2 h5 20. Bg5 Ng4 21. Nxg4 Bxg4
22. O-O-O Be7 23. Rhf1 Qg7 24. Bxg4 hxg4 25. Bxe7 Nxe7 26. Qf2 Rf8 27. Qe3 Kd7
28. Na4 b6 29. d6 Rxf1 30. Rxf1 Nc6 31. dxc7 Rf8 32. Nxb6+ Kxc7 33. Nd5+ Kd7
34. Rd1 Nd4 35. Kb1 Qg6 36. Rc1 Rf3 37. Qe1 Rxg3 38. Nf6+ Qxf6 39. Qxg3 Qf4 40.
Qg2 g3 41. a3 Kd6 42. Rc3 Qg4 43. Rxg3 Qd1+ 44. Ka2 Ne2 45. Rg6+ Kc5 46. Qf2+
Nd4 47. Qe3 Kb5 48. Qc3 a5 49. Rd6 Qa4 50. b3 1-0

[Event "Excelsior June IM Norm"]
[Site "Toronto CAN"]
[Date "2023.06.17"]
[Round "9.3"]
[White "Mendes, Aaron Reeve"]
[Black "Noritsyn, Nikolay"]
[Result "0-1"]
[WhiteElo "1994"]
[BlackElo "2462"]
[PlyCount "56"]
[EventDate "2023.06.13"]
[EventType "tourn"]
[EventRounds "9"]
[EventCountry "CAN"]

1. e4 e6 2. Nf3 d5 3. Nc3 Nf6 4. e5 Nfd7 5. d4 c5 6. Bg5 Qb6 7. dxc5 Bxc5 8.
Qd2 Nc6 9. O-O-O Qa5 10. a3 a6 11. Qe1 h6 12. Bd2 Qc7 13. Bf4 b5 14. Bg3 Nb6
15. Na2 Nc4 16. Nb4 Bxb4 17. axb4 a5 18. b3 axb4 19. bxc4 dxc4 20. Kd2 O-O 21.
Ra1 Rd8+ 22. Ke2 Qb7 23. Bf4 b3 24. cxb3 Nb4 25. Rd1 Qe4+ 26. Be3 Ra2+ 27. Nd2
Nc2 28. Nxe4 Nd4# 0-1

[Event "Transnational Crown"]
[Site "Montreal CAN"]
[Date "2023.06.06"]
[Round "1.19"]
[White "Jaferian, Koosha"]
[Black "Noritsyn, Nikolay"]
[Result "1/2-1/2"]
[WhiteElo "2201"]
[BlackElo "2462"]
[PlyCount "164"]
[EventDate "2023.06.06"]
[EventType "swiss"]
[EventRounds "9"]
[EventCountry "CAN"]

1. e4 c5 2. c3 e6 3. d4 d5 4. exd5 exd5 5. Nf3 Nc6 6. Bb5 Bd6 7. O-O Nge7 8.
dxc5 Bxc5 9. Nbd2 O-O 10. Nb3 Bb6 11. Nbd4 Bg4 12. Be2 Nf5 13. Nxf5 Bxf5 14.
Bf4 Re8 15. Bb5 Qf6 16. Bg3 a6 17. Ba4 Be4 18. Nd2 Bg6 19. Re1 Rxe1+ 20. Qxe1
d4 21. Nc4 Ba7 22. Bxc6 Qxc6 23. Ne5 Qb5 24. Nxg6 hxg6 25. Qd2 Rd8 26. h3 Bb6
27. cxd4 Rxd4 28. Qc2 Rc4 29. Qd2 Bd4 30. Re1 Qxb2 31. Qf4 Rc8 32. Kh2 Bf6 33.
Qa4 Qc2 34. Qd7 Qc6 35. Qg4 Re8 36. Rd1 Qe6 37. Qa4 Rd8 38. Rb1 b5 39. Qa5 Rd4
40. Re1 Qc6 41. Re2 Rd1 42. Qb4 Kh7 43. Be5 Bxe5+ 44. Rxe5 Qf6 45. Qe4 Rd8 46.
f4 Rc8 47. a4 bxa4 48. Qxa4 Qb6 49. Qd7 Rc1 50. Qd3 f5 51. Re8 a5 52. Qa3 Rb1
53. Re5 Rb5 54. Re8 Rb1 55. Re5 Qf2 56. Qf3 Qxf3 57. gxf3 a4 58. Ra5 Rb4 59.
Kg3 Kg8 60. Ra7 Rd4 61. Kh4 Rxf4+ 62. Kg5 Rxf3 63. Kxg6 Rg3+ 64. Kxf5 a3 65. h4
Kh7 66. Kf4 Rb3 67. Kg5 Rc3 68. Ra8 Rg3+ 69. Kf4 Rd3 70. Kg5 Rb3 71. Kf5 Rh3
72. Kg4 Rc3 73. Kg5 Rb3 74. Kf5 g6+ 75. Kg5 Rg3+ 76. Kf4 Rh3 77. Kg4 Rb3 78.
Kg5 Rb5+ 79. Kg4 Kh6 80. Rxa3 Rb4+ 81. Kg3 Kh5 82. Ra5+ Kh6 1/2-1/2

[Event "Transnational Crown"]
[Site "Montreal CAN"]
[Date "2023.06.07"]
[Round "2.14"]
[White "Noritsyn, Nikolay"]
[Black "Plotkin, Victor"]
[Result "1-0"]
[WhiteElo "2462"]
[BlackElo "2170"]
[PlyCount "85"]
[EventDate "2023.06.06"]
[EventType "swiss"]
[EventRounds "9"]
[EventCountry "CAN"]

1. e4 e5 2. Nf3 Nc6 3. Bb5 a6 4. Ba4 Nf6 5. O-O Be7 6. Re1 b5 7. Bb3 O-O 8. a4
b4 9. a5 d6 10. c3 Be6 11. Ba4 Bd7 12. d3 Rb8 13. Nbd2 Na7 14. d4 bxc3 15. bxc3
exd4 16. cxd4 Nb5 17. Bb2 d5 18. e5 Nh5 19. Bc2 Qc8 20. Nf1 Bf5 21. Ne3 Bxc2
22. Qxc2 Qe6 23. Nf5 Rfc8 24. Nxe7+ Qxe7 25. Qd2 g6 26. Rac1 c6 27. h3 Ng7 28.
Nh2 h5 29. Nf3 Ne6 30. Rc2 Na3 31. Bxa3 Qxa3 32. Rec1 Kg7 33. Ng5 Qe7 34. Nxe6+
Qxe6 35. Rc3 Rb5 36. Rf3 c5 37. Rf6 Qd7 38. e6 fxe6 39. Qg5 Qe8 40. Qe5 Kg8 41.
Rxe6 Qf7 42. Re7 Qf8 43. Qe6+ 1-0

[Event "Transnational Crown"]
[Site "Montreal CAN"]
[Date "2023.06.08"]
[Round "3.6"]
[White "Lenderman, Alexandr"]
[Black "Noritsyn, Nikolay"]
[Result "1/2-1/2"]
[WhiteElo "2566"]
[BlackElo "2462"]
[PlyCount "67"]
[EventDate "2023.06.06"]
[EventType "swiss"]
[EventRounds "9"]
[EventCountry "CAN"]

1. d4 d5 2. c4 e6 3. Nc3 a6 4. cxd5 exd5 5. Qb3 Nf6 6. Bg5 c6 7. e4 Be7 8. e5
Ne4 9. Bxe7 Qxe7 10. Bd3 Nxc3 11. Qxc3 Qg5 12. g3 Bf5 13. Nf3 Qh5 14. Bxf5 Qxf5
15. O-O g5 16. Qb3 Nd7 17. Qxb7 Rb8 18. Qxc6 Qxf3 19. Rae1 Kd8 20. Rc1 Rg8 21.
Qxa6 Rg6 22. Qa5+ Ke8 23. Rc3 Qf5 24. Qxd5 Qe6 25. Qxe6+ Rxe6 26. b3 Ra6 27. a4
Rab6 28. Ra1 Rb4 29. Rd3 Ke7 30. a5 Ra8 31. f4 gxf4 32. gxf4 Rb5 33. a6 Rb6 34.
a7 1/2-1/2

[Event "Transnational Crown"]
[Site "Montreal CAN"]
[Date "2023.06.09"]
[Round "4.5"]
[White "Noritsyn, Nikolay"]
[Black "Bruzon Batista, Lazaro"]
[Result "1/2-1/2"]
[WhiteElo "2462"]
[BlackElo "2617"]
[PlyCount "46"]
[EventDate "2023.06.06"]
[EventType "swiss"]
[EventRounds "9"]
[EventCountry "CAN"]

1. e4 e5 2. Nf3 Nc6 3. Bc4 Bc5 4. d3 Nf6 5. Bg5 h6 6. Bh4 d6 7. c3 a5 8. Na3
Bxa3 9. bxa3 Qe7 10. Nd2 O-O 11. O-O Nd8 12. Re1 Ne6 13. Nf1 Nf4 14. Ne3 Be6
15. Bb3 Ng6 16. Bg3 c6 17. a4 d5 18. Qf3 dxe4 19. dxe4 Bxb3 20. axb3 Qe6 21. c4
Rfd8 22. Rad1 Ne8 23. h4 f6 1/2-1/2

[Event "Transnational Crown"]
[Site "Montreal CAN"]
[Date "2023.06.09"]
[Round "5.7"]
[White "Neiksans, Arturs"]
[Black "Noritsyn, Nikolay"]
[Result "1/2-1/2"]
[WhiteElo "2605"]
[BlackElo "2462"]
[PlyCount "106"]
[EventDate "2023.06.06"]
[EventType "swiss"]
[EventRounds "9"]
[EventCountry "CAN"]

1. d4 e6 2. Nf3 d5 3. c4 a6 4. cxd5 exd5 5. Nc3 h6 6. Bf4 Nf6 7. e3 Bd6 8. Bxd6
Qxd6 9. Qc2 Be6 10. Be2 Nbd7 11. O-O O-O 12. Rab1 c5 13. dxc5 Nxc5 14. Rbc1
Rac8 15. Qd2 Rc7 16. Nd4 Nce4 17. Nxe4 Nxe4 18. Qa5 Rfc8 19. Rxc7 Qxc7 20. Qxc7
Rxc7 21. Rd1 Kf8 22. Kf1 Nd6 23. Bd3 Nc4 24. b3 Ne5 25. Ke1 Rc3 26. Bb1 Nc6 27.
Ne2 Rc5 28. f3 a5 29. Kd2 Ke7 30. h4 b5 31. Bd3 Ne5 32. Nd4 b4 33. a3 bxa3 34.
Ra1 Nc6 35. Rxa3 Bd7 36. Ra1 Nb4 37. g4 Nc6 38. g5 hxg5 39. hxg5 g6 40. f4 Nb4
41. Rh1 Rc8 42. Rh7 Nxd3 43. Kxd3 a4 44. bxa4 Ra8 45. f5 Bxf5+ 46. Nxf5+ gxf5
47. g6 Rxa4 48. Rxf7+ Ke6 49. Rb7 Rg4 50. Rb6+ Ke5 51. Kc2 f4 52. exf4+ Rxf4
53. Rb7 Rg4 1/2-1/2

[Event "Transnational Crown"]
[Site "Montreal CAN"]
[Date "2023.06.10"]
[Round "6.11"]
[White "Noritsyn, Nikolay"]
[Black "Szabo, Gergely-Andras-Gyul"]
[Result "1-0"]
[WhiteElo "2462"]
[BlackElo "2504"]
[PlyCount "77"]
[EventDate "2023.06.06"]
[EventType "swiss"]
[EventRounds "9"]
[EventCountry "CAN"]

1. e4 c5 2. Nc3 Nc6 3. Nge2 d6 4. d4 cxd4 5. Nxd4 Nf6 6. Bg5 e6 7. Qd2 a6 8.
O-O-O Bd7 9. f3 Nxd4 10. Qxd4 Be7 11. Kb1 b5 12. g4 O-O 13. h4 Bc6 14. Ne2 Qc7
15. Qd2 Rfc8 16. Nd4 Bd7 17. Bd3 Rab8 18. h5 a5 19. Bh4 b4 20. g5 Nxh5 21. f4
g6 22. Ba6 Rd8 23. Be2 e5 24. Bxh5 exd4 25. Be2 d5 26. Bf2 d3 27. cxd3 Qc3 28.
Qe3 Qg7 29. exd5 Bd6 30. Qd4 Bf8 31. Bf3 Bf5 32. Be4 a4 33. Rc1 a3 34. b3 Rb5
35. Qxg7+ Bxg7 36. Rc5 Rxc5 37. Bxc5 Bc3 38. Be7 Rc8 39. Bxf5 1-0

[Event "Transnational Crown"]
[Site "Montreal CAN"]
[Date "2023.06.10"]
[Round "7.4"]
[White "Bartel, Mateusz"]
[Black "Noritsyn, Nikolay"]
[Result "1/2-1/2"]
[WhiteElo "2609"]
[BlackElo "2462"]
[PlyCount "63"]
[EventDate "2023.06.06"]
[EventType "swiss"]
[EventRounds "9"]
[EventCountry "CAN"]

1. Nf3 e6 2. b3 Nf6 3. Bb2 c5 4. c4 Nc6 5. e3 b6 6. g3 Bb7 7. Bg2 Be7 8. O-O
O-O 9. Nc3 Rc8 10. Rc1 d5 11. cxd5 Nxd5 12. Nxd5 exd5 13. Ne5 Nxe5 14. Bxe5 Bf6
15. Bxf6 Qxf6 16. d4 Rfd8 17. Qd3 g6 18. Rfd1 c4 19. Qd2 b5 20. a4 a6 21. bxc4
bxc4 22. Qa5 Qd6 23. Rb1 Bc6 24. Rb6 Rb8 25. Rxa6 Ra8 26. Ra1 Rxa6 27. Qxa6 Ra8
28. Qb6 Rb8 29. Qa5 Ra8 30. Qb6 Rb8 31. Qa5 Ra8 32. Qb6 1/2-1/2

[Event "Transnational Crown"]
[Site "Montreal CAN"]
[Date "2023.06.11"]
[Round "8.7"]
[White "Noritsyn, Nikolay"]
[Black "Meshkovs, Nikita"]
[Result "1-0"]
[WhiteElo "2462"]
[BlackElo "2573"]
[PlyCount "59"]
[EventDate "2023.06.06"]
[EventType "swiss"]
[EventRounds "9"]
[EventCountry "CAN"]

1. e4 c5 2. Nf3 Nc6 3. d4 cxd4 4. Nxd4 e6 5. g3 Nf6 6. Bg2 Qb6 7. Nb3 Be7 8.
O-O O-O 9. Nc3 d6 10. a4 Rd8 11. Nb5 Rd7 12. Qe2 a6 13. Be3 Qd8 14. Nc3 Na5 15.
Rfd1 Rb8 16. Nxa5 Qxa5 17. Qd2 Bd8 18. h3 Bb6 19. Bxb6 Qxb6 20. a5 Qb4 21. Na4
Qxd2 22. Rxd2 Ne8 23. Nb6 Rc7 24. f4 Kf8 25. c4 Ke7 26. Rad1 f6 27. b4 g6 28.
e5 dxe5 29. fxe5 fxe5 30. Rd8 1-0

[Event "Transnational Crown"]
[Site "Montreal CAN"]
[Date "2023.06.11"]
[Round "9.2"]
[White "Noritsyn, Nikolay"]
[Black "Rodrigue-Lemieux, Shawn"]
[Result "1/2-1/2"]
[WhiteElo "2462"]
[BlackElo "2469"]
[PlyCount "24"]
[EventDate "2023.06.06"]
[EventType "swiss"]
[EventRounds "9"]
[EventCountry "CAN"]

1. e4 c6 2. c4 d5 3. cxd5 cxd5 4. e5 Nc6 5. d4 Bf5 6. Bd3 Bxd3 7. Qxd3 e6 8.
Nc3 Nge7 9. Nf3 Nc8 10. O-O Be7 11. Ne2 Qd7 12. Ne1 Nb6 1/2-1/2

[Event "Transnational Rapid"]
[Site "Toronto CAN"]
[Date "2023.06.03"]
[Round "3.1"]
[White "Noritsyn, Nikolay"]
[Black "Sambuev, Bator"]
[Result "1-0"]
[WhiteElo "2462"]
[BlackElo "2448"]
[PlyCount "85"]
[EventDate "2023.06.03"]
[EventType "swiss (rapid)"]
[EventRounds "11"]
[EventCountry "CAN"]
[Source "Mark Crowther"]
[SourceDate "2023.06.12"]

1. e4 e5 2. Nf3 Nc6 3. Bc4 Nf6 4. d3 h6 5. O-O d6 6. c3 g6 7. d4 Qe7 8. Re1 Bg7
9. Nbd2 O-O 10. a4 Nh5 11. Nf1 exd4 12. Nxd4 Nxd4 13. cxd4 Be6 14. Be2 Nf6 15.
Ng3 c5 16. Be3 Rac8 17. Qd2 Kh7 18. h3 cxd4 19. Bxd4 a6 20. Bf1 Rc6 21. Nf5
gxf5 22. exf5 Qd7 23. fxe6 fxe6 24. Rad1 Qf7 25. Re3 Nh5 26. Rf3 Qe7 27. Rxf8
Qxf8 28. Bd3+ Kg8 29. Be3 d5 30. Bb1 Nf6 31. Re1 Nd7 32. Bd4 Bxd4 33. Qxd4 Qg7
34. Qd2 Ne5 35. Qf4 Nd7 36. Re3 Qf6 37. Qg4+ Kh8 38. Kh2 Ne5 39. Qg3 Nf7 40.
Rf3 Qg7 41. Qb8+ Qg8 42. Qxb7 Nd8 43. Qe7 1-0

[Event "Transnational Rapid"]
[Site "Toronto CAN"]
[Date "2023.06.04"]
[Round "4.1"]
[White "Noritsyn, Nikolay"]
[Black "Cruz, Cr"]
[Result "0-1"]
[WhiteElo "2462"]
[BlackElo "2522"]
[PlyCount "76"]
[EventDate "2023.06.03"]
[EventType "swiss (rapid)"]
[EventRounds "11"]
[EventCountry "CAN"]
[Source "Mark Crowther"]
[SourceDate "2023.06.12"]

1. e4 c6 2. d4 d5 3. e5 c5 4. dxc5 e6 5. Nf3 Bxc5 6. Nbd2 Nc6 7. Nb3 Bb6 8. Bb5
Bd7 9. Qe2 Nge7 10. O-O O-O 11. Bg5 Qe8 12. Bd3 Nb4 13. Nbd4 Nec6 14. Be3 Nxd3
15. cxd3 Qe7 16. Nb3 Rfc8 17. a3 Na5 18. Nbd4 Ba4 19. Rac1 Qd7 20. b4 Bxd4 21.
Nxd4 Nb3 22. Nxb3 Bxb3 23. Qg4 Rxc1 24. Rxc1 Rc8 25. Re1 Kh8 26. Bxa7 Bc2 27.
Re3 Qa4 28. Bc5 Bxd3 29. Rg3 Bg6 30. h4 h5 31. Qg5 Qd1+ 32. Kh2 b6 33. Bxb6 Rc1
34. Rf3 Qh1+ 35. Kg3 Rg1 36. Kf4 Rxg2 37. Qd8+ Kh7 38. Be3 Rg4# 0-1

[Event "Transnational Rapid"]
[Site "Toronto CAN"]
[Date "2023.06.04"]
[Round "5.3"]
[White "Bartel, Mat"]
[Black "Noritsyn, Nikolay"]
[Result "0-1"]
[WhiteElo "2609"]
[BlackElo "2462"]
[PlyCount "56"]
[EventDate "2023.06.03"]
[EventType "swiss (rapid)"]
[EventRounds "11"]
[EventCountry "CAN"]
[Source "Mark Crowther"]
[SourceDate "2023.06.12"]

1. e4 c5 2. Nf3 e6 3. d4 cxd4 4. Nxd4 a6 5. Nc3 b5 6. Bd3 Bb7 7. O-O Nc6 8.
Nxc6 Bxc6 9. a4 b4 10. Nb1 Nf6 11. Qe2 a5 12. Nd2 Qc7 13. e5 Nd5 14. Nc4 Be7
15. Bd2 O-O 16. b3 f5 17. exf6 Rxf6 18. Qe5 Qa7 19. Bg5 Raf8 20. Bxf6 Bxf6 21.
Qe4 g6 22. Ne5 Ba8 23. Rae1 Bg7 24. Nxg6 hxg6 25. Qxg6 Nf4 26. Qh7+ Kf7 27. Re5
Qd4 28. Rxa5 Bxg2 0-1

[Event "Transnational Rapid"]
[Site "Toronto CAN"]
[Date "2023.06.04"]
[Round "6.2"]
[White "Noritsyn, Nikolay"]
[Black "Bruzon Batista, L."]
[Result "0-1"]
[WhiteElo "2462"]
[BlackElo "2617"]
[PlyCount "98"]
[EventDate "2023.06.03"]
[EventType "swiss (rapid)"]
[EventRounds "11"]
[EventCountry "CAN"]
[Source "Mark Crowther"]
[SourceDate "2023.06.12"]

1. e4 c5 2. Nc3 d6 3. Nge2 Nf6 4. g3 Nc6 5. Bg2 g6 6. d3 Bg7 7. O-O O-O 8. Bg5
Rb8 9. Qd2 b5 10. a3 Re8 11. Rab1 a6 12. h3 Bb7 13. Bh6 Bh8 14. f4 Nd4 15. Nxd4
cxd4 16. Ne2 e6 17. Kh2 Nd7 18. Rf2 Rc8 19. Rbf1 Qc7 20. Ng1 f5 21. Re1 Nc5 22.
Rfe2 fxe4 23. dxe4 e5 24. f5 gxf5 25. exf5 Bf6 26. b4 Na4 27. Bg5 Bh8 28. f6
Bxg2 29. Rxg2 Qf7 30. Re4 Rc7 31. Bh4 Bxf6 32. Rf2 Qd5 33. Rg4+ Bg7 34. Qh6 Qe6
35. Qh5 Rf8 36. Nf3 Rcf7 37. Kg1 Rf5 38. Ng5 Qg6 39. Qxg6 hxg6 40. Rg2 Rf1+ 41.
Kh2 Rc1 42. Rd2 Rc8 43. Ne4 R1xc2 44. Rxg6 d5 45. Bf6 dxe4 46. Rxg7+ Kf8 47.
Rxc2 Rxc2+ 48. Kg1 e3 49. Rd7 Rc1+ 0-1

[Event "Transnational Rapid"]
[Site "Toronto CAN"]
[Date "2023.06.04"]
[Round "7.3"]
[White "Neiksans, A."]
[Black "Noritsyn, Nikolay"]
[Result "1-0"]
[WhiteElo "2605"]
[BlackElo "2462"]
[PlyCount "35"]
[EventDate "2023.06.03"]
[EventType "swiss (rapid)"]
[EventRounds "11"]
[EventCountry "CAN"]
[Source "Mark Crowther"]
[SourceDate "2023.06.12"]

1. e4 e6 2. d3 d5 3. Nd2 c5 4. Ngf3 Nc6 5. g3 Bd6 6. Bg2 Nge7 7. O-O O-O 8. Re1
f6 9. c3 Kh8 10. d4 cxd4 11. Nxd4 e5 12. exd5 exd4 13. dxc6 Nxc6 14. Nc4 Be5
15. cxd4 Bxd4 16. Be3 Be6 17. Bxd4 Nxd4 18. Re4 1-0

[Event "Transnational Rapid"]
[Site "Toronto CAN"]
[Date "2023.06.04"]
[Round "10.6"]
[White "Meshkovs, Nikita"]
[Black "Noritsyn, Nikolay"]
[Result "1-0"]
[WhiteElo "2573"]
[BlackElo "2462"]
[PlyCount "137"]
[EventDate "2023.06.03"]
[EventType "swiss (rapid)"]
[EventRounds "11"]
[EventCountry "CAN"]
[Source "Mark Crowther"]
[SourceDate "2023.06.12"]

1. d4 e6 2. Nf3 f5 3. h3 Nf6 4. g4 d5 5. gxf5 Nc6 6. Bf4 Bd6 7. Ne5 O-O 8. e3
Ne4 9. Nd2 exf5 10. Rg1 Qh4 11. Rg2 Be6 12. Ndf3 Qe7 13. c3 Kh8 14. Nxc6 bxc6
15. Ne5 Qe8 16. Qa4 Rb8 17. O-O-O c5 18. Qxe8 Rfxe8 19. f3 Nf6 20. dxc5 Bxc5
21. Nc6 Rb6 22. Nd4 Bd6 23. Bb5 Bxf4 24. exf4 Reb8 25. Re1 Bg8 26. Bc6 Nh5 27.
b4 Nxf4 28. Rd2 Ne6 29. b5 Nxd4 30. Rxd4 a6 31. a4 axb5 32. axb5 Rxb5 33. Bxb5
Rxb5 34. Rb4 c6 35. Re7 g5 36. Rc7 f4 37. Rxc6 Ra5 38. Rb7 Ra8 39. Rd6 Re8 40.
Kd2 Be6 41. Rbb6 Bxh3 42. Rxd5 g4 43. fxg4 f3 44. Rf6 Bxg4 45. Rg5 Rd8+ 46. Ke3
Re8+ 47. Kf2 Bd7 48. Rxf3 Rc8 49. Rfg3 Ba4 50. Ke2 Bc2 51. Re5 Bg6 52. Re7 Kg8
53. Kd2 Rd8+ 54. Ke3 Rc8 55. Kd4 Rd8+ 56. Kc5 Rc8+ 57. Kd6 Kf8 58. Rd7 Kg8 59.
Rc7 Rd8+ 60. Kc5 Rf8 61. c4 Rf5+ 62. Kb6 Rf6+ 63. Ka7 h5 64. Rb7 h4 65. Rg4 h3
66. Rb3 h2 67. Rh3 Rf7+ 68. Kb6 Rf6+ 69. Ka5 1-0

[Event "Excelsior May op"]
[Site "Toronto CAN"]
[Date "2023.05.19"]
[Round "1.1"]
[White "Laughlin, Braden"]
[Black "Noritsyn, Nikolay"]
[Result "0-1"]
[WhiteElo "2041"]
[BlackElo "2574"]
[PlyCount "56"]
[EventDate "2023.05.19"]
[EventType "swiss"]
[EventRounds "5"]
[EventCountry "CAN"]

1. e4 c5 2. Nf3 e6 3. d4 cxd4 4. Nxd4 a6 5. c4 Nf6 6. Nc3 Bb4 7. Qd3 O-O 8. Be2
d6 9. f4 Nbd7 10. Nb3 a5 11. Be3 a4 12. Nd2 a3 13. b3 Nc5 14. Bxc5 dxc5 15. Rc1
Qd4 16. e5 Rd8 17. Qxd4 cxd4 18. Ncb1 Ne4 19. Bf3 Nc3 20. Nxc3 dxc3 21. Ne4 Rd2
22. Rd1 Rxa2 23. Rd8+ Bf8 24. O-O c2 25. Nc5 Rb2 26. Be4 a2 27. Na4 Rb1 28.
Bxc2 Rxf1+ 0-1

[Event "Excelsior May op"]
[Site "Toronto CAN"]
[Date "2023.05.20"]
[Round "2.1"]
[White "Noritsyn, Nikolay"]
[Black "Oancea, Nicolae"]
[Result "1-0"]
[WhiteElo "2574"]
[BlackElo "2132"]
[PlyCount "65"]
[EventDate "2023.05.19"]
[EventType "swiss"]
[EventRounds "5"]
[EventCountry "CAN"]

1. d4 e6 2. Nf3 d5 3. c4 dxc4 4. e4 Nf6 5. e5 Nd5 6. Bxc4 Nb6 7. Bd3 Nc6 8. a3
Be7 9. Nc3 a6 10. Ne4 h6 11. O-O Bd7 12. Be3 Na7 13. Nfd2 Nd5 14. Qg4 Bf8 15.
Nc4 Bc6 16. Na5 Qd7 17. Nc3 O-O-O 18. Nxc6 Nxc6 19. Nxd5 Qxd5 20. Be4 Qd7 21.
Qf3 Re8 22. Rfd1 Kb8 23. Rac1 Nd8 24. d5 exd5 25. Rxd5 Qc8 26. Qd1 Be7 27. Qd4
b6 28. Rd7 Ne6 29. Qd5 Ka7 30. Qc6 Bc5 31. Rxc5 Rd8 32. Rcd5 Qa8 33. Qxb6# 1-0